LEADER 01526nam 2200385 a 450 001 9910695415803321 005 20061226134828.0 035 $a(CKB)5470000002370606 035 $a(OCoLC)77461975 035 $a(EXLCZ)995470000002370606 100 $a20061226d2006 ua 0 101 0 $aeng 135 $aurmn|---||||| 181 $ctxt$2rdacontent 182 $cc$2rdamedia 183 $acr$2rdacarrier 200 10$aFinancial management$b[electronic resource] $eimprovements under way but serious financial systems problems persist : report to congressional committees 210 1$a[Washington, D.C.] :$cU.S. Government Accountability Office,$d[2006] 215 $aii, 69 pages $cdigital, PDF file 300 $aTitle from title screen (viewed on Dec. 21, 2006). 300 $a"September 2006." 300 $aPaper version available from: U.S. Government Accountability Office, 441 G St., NW, Rm. LM, Washington, D.C. 20548. 300 $a"GAO-06-970." 320 $aIncludes bibliographical references. 517 $aFinancial management 606 $aAdministrative agencies$zUnited States$xAccounting 606 $aInformation storage and retrieval systems$xUnited States$xGovernment policy$zUnited States 615 0$aAdministrative agencies$xAccounting. 615 0$aInformation storage and retrieval systems$xUnited States$xGovernment policy 801 0$bGPO 801 1$bGPO 906 $aBOOK 912 $a9910695415803321 996 $aFinancial Management$9424135 997 $aUNINA